| 000 | 01867nam a22002777a 4500 | ||
|---|---|---|---|
| 999 |
_c4992 _d4992 |
||
| 003 | DO-SdBJH | ||
| 005 | 20191127225032.0 | ||
| 008 | 181025b ||||| |||| 00| 0 spa d | ||
| 040 |
_aDO-SdBJH _bspa _cDO-SdBJH |
||
| 090 |
_aTG AMBC _b01329 2017 |
||
| 100 | 1 |
_aRosario Lachapel, Kelvin _esustentante |
|
| 245 | 1 | 0 |
_aDiagnóstico de la Seguridad Fronteriza Dominico-Haitiano ejercida por el Ejército de República Dominicana en el periodo 2010-2016 en la Provincia Dajabon / _cKelvin Rosario Lachapel, Andrés Garcia Medina, asesores Reynaldo Guerrero, Santiago Morales Gómez |
| 260 |
_aSanto Domingo Este : _bINSUDE, _c2017 |
||
| 300 | _axxiii, 33 páginas | ||
| 502 | _aTrabajo de grado (Licenciatura en Ciencias Militares) -- Instituto Superior para la Defensa (INSUDE). – Academia Militar del Ejército de República Dominicana “Batalla de las Carreras”, 2017. | ||
| 504 | _aIncluye referencias bibliográficas e índices | ||
| 505 | _aImportancia de la Seguridad Fronteriza Dominico-Haitiano en la Provincia de Dajabón. -- Las principales problemáticas de seguridad que enfrenta la Provincia de Dajabón. -- Operaciones de seguridad realizadas por el Ejercito de la República Dominicana en la frontera dominico-haitiana en la Provincia de Dajabón durante el período 2010-2016 | ||
| 650 | 4 | _aImportancia de la seguridad fronteriza dominico-haitiana -- Provincia de Dajabón | |
| 650 | 4 | _aOperaciones de seguridad realizados por el Ejército en la Provincia | |
| 651 | 4 | _aRepública Dominicana. Ejército -- Seguridad fronteriza | |
| 700 | 1 |
_aGarcia Medina, Andrés _esustentante |
|
| 700 | 1 |
_aGuerrero, Reynaldo _easesor |
|
| 700 | 1 |
_aMorales Gómez, Santiago _easesor |
|
| 830 | _aINSUDE. Academia Militar del Ejército de República Dominicana “Batalla de las Carreras”. Tesis y disertaciones académicas | ||
| 942 |
_2ddc _cT |
||